Most Populous Enclaves/Exclaves - Statistics

General Stats
  • This quiz has been taken 16 times
  • The average score is 5 of 20
Answer Stats
Belongs to Sorrounded by Population Enclave/Exclave % Correct
Palestine Israel 2,206,944 Gaza
93%
Russia Lithuania, Poland 612,730 Kaliningrad
87%
Spain Morocco 84,055 Ceuta
80%
Spain Morocco 87,004 Melilla
73%
Angola DRC 1,136,508 Cabinda
67%
USA Canada 743,510 Alaska
53%
Argentina Chile 203,084 Tierra del Fuego
47%
Azerbaijan Armenia, Iran, Türkiye 487,403 Nakhchivan
20%
Croatia Bosnia & Herzegovina 60,750 Dubrovnik
13%
Russia Kazakhstan 72,553 Baikonur
7%
Belize Mexico 22,095 Ambergris Caye
0%
Bangladesh India 28,451 Dahagram
0%
Malaysia Brunei, Indonesia 6,682,173 East Malaysia
0%
Malawi Mozambique 30,506 Likoma
0%
Oman UAE 40,177 Musandam
0%
Timor-Leste Indonesia 91,313 Oecusse
0%
Uzbekistan Kyrgyzstan 15,390 Shohimardon
0%
Uzbekistan Kyrgyzstan 84,771 Soʻx
0%
Brunei Malaysia 11,602 Temburong
0%
Tajikistan Kyrgyzstan 43,105 Vorukh
0%
No matching quizzes found
Score Distribution
Percent of People with Each Score
Percentile by Number Answered
Your Score History
You have not taken this quiz